000
00279nam a2200109Ia 4500
008
200302s9999 xx 000 0 und d
100
_a
Joseph Weishar
245
_a
Design for Effective Selling Space
260
_b
Tata Mcgraw-Hill Publishing Co.
260
_c
1992
300
_a
176 P.,
999
_c
911
_d
911